<?xml version='1.0' encoding='UTF-8'?>
  <record xmlns="http://www.loc.gov/MARC21/slim">
    <leader>00000cam a22000007i 4500</leader>
    <controlfield tag="001">on1417412562</controlfield>
    <controlfield tag="003">OCoLC</controlfield>
    <controlfield tag="005">20251011232203.6</controlfield>
    <controlfield tag="008">240117s1592    gw            000 0 lat d</controlfield>
    <datafield tag="040" ind1=" " ind2=" ">
      <subfield code="a">QGJ</subfield>
      <subfield code="b">eng</subfield>
      <subfield code="e">rda</subfield>
      <subfield code="e">dcrmr</subfield>
      <subfield code="c">QGJ</subfield>
      <subfield code="d">OCLCO</subfield>
      <subfield code="d">QGJ</subfield>
      <subfield code="d">OCLCL</subfield>
      <subfield code="d">OCLCO</subfield>
    </datafield>
    <datafield tag="066" ind1=" " ind2=" ">
      <subfield code="c">(S</subfield>
    </datafield>
    <datafield tag="035" ind1=" " ind2=" ">
      <subfield code="a">(OCoLC)1417412562</subfield>
    </datafield>
    <datafield tag="100" ind1="1" ind2=" ">
      <subfield code="a">Crato von Crafftheim, Johannes,</subfield>
      <subfield code="d">1519-1585,</subfield>
      <subfield code="e">author.</subfield>
      <subfield code="4">aut</subfield>
    </datafield>
    <datafield tag="245" ind1="1" ind2="0">
      <subfield code="a">Consiliorum, et Epistolarum Medicinalium, Ioh. Cratonis a Kraftheim, archiatri Caesarei, et aliorum excellentissimorum Medicorum, ac Philosophorum, liber tertius, Nunc primùm labore &amp; industria Laurentij Scholzij, medici Vratislauiensis, in lucem editus.</subfield>
    </datafield>
    <datafield tag="246" ind1="3" ind2=" ">
      <subfield code="a">Consiliorvm, et Epistolarum Medicinalium, Ioh. Cratonis a Kraftheim, archiatri Caesarei, et aliorvm excellentissimorum Medicorum, ac Philosophorum, liber tertivs</subfield>
    </datafield>
    <datafield tag="246" ind1="1" ind2="7">
      <subfield code="a">Consilior. Medic. Liber III</subfield>
    </datafield>
    <datafield tag="246" ind1="1" ind2="7">
      <subfield code="a">Epistolar. Medic. Liber III</subfield>
    </datafield>
    <datafield tag="264" ind1=" " ind2="1">
      <subfield code="a">Francofurti :</subfield>
      <subfield code="b">Apud Andreae Wecheli heredes, Claudium Marnium &amp; Ioan. Aubrium.,</subfield>
      <subfield code="c">1592.</subfield>
    </datafield>
    <datafield tag="300" ind1=" " ind2=" ">
      <subfield code="a">496 pages ;</subfield>
      <subfield code="c">17 cm (8vo)</subfield>
    </datafield>
    <datafield tag="336" ind1=" " ind2=" ">
      <subfield code="a">text</subfield>
      <subfield code="b">txt</subfield>
      <subfield code="2">rdacontent</subfield>
    </datafield>
    <datafield tag="337" ind1=" " ind2=" ">
      <subfield code="a">unmediated</subfield>
      <subfield code="b">n</subfield>
      <subfield code="2">rdamedia</subfield>
    </datafield>
    <datafield tag="338" ind1=" " ind2=" ">
      <subfield code="a">volume</subfield>
      <subfield code="b">nc</subfield>
      <subfield code="2">rdacarrier</subfield>
    </datafield>
    <datafield tag="340" ind1=" " ind2=" ">
      <subfield code="m">8vo</subfield>
      <subfield code="2">rdabf</subfield>
    </datafield>
    <datafield tag="500" ind1=" " ind2=" ">
      <subfield code="a">Signatures: a-z⁸ aa-hh⁸ (ee8 is blank).</subfield>
    </datafield>
    <datafield tag="500" ind1=" " ind2=" ">
      <subfield code="a">Contains initials, head-pieces and printed marginalia.</subfield>
    </datafield>
    <datafield tag="500" ind1=" " ind2=" ">
      <subfield code="a">Contains introductory poems by Christoph Rumbaum and Martinus Weindrichius.</subfield>
    </datafield>
    <datafield tag="500" ind1=" " ind2=" ">
      <subfield code="a">Printer's device on title page, on title page of 'Mikrotechnē' and on verso of last leaf.</subfield>
    </datafield>
    <datafield tag="500" ind1=" " ind2=" ">
      <subfield code="a">5 volumes published between 1591-1594. Volumes 7-8 were published in 1611 with the imprint: Hanoviae : Typis Wechelianis, apud haeredes Ioannis Aubrii.</subfield>
    </datafield>
    <datafield tag="500" ind1=" " ind2=" ">
      <subfield code="a">Contains contributions by (among others): Caspar Hofmannus, Thomas Erastus, Theodorus Zvingerus, Helidaeus de Paduanis, Iul. Caes. Arantius, Johannes Nefius, Petrus Monauius, Diomedes Cornarius, Iohannes Acholzius, Caspar Nefius and Ioachimus Cureus.</subfield>
    </datafield>
    <datafield tag="500" ind1=" " ind2=" ">
      <subfield code="a">Contains letters by (among others): Andreas Dudith ab Horekouiza, Petrus Monavius, Abrahamus Bucholzerus, Andrea Aurifabrus, Caspar Lindnerus, Carolus Osleuius, Michael Barth.</subfield>
    </datafield>
    <datafield tag="500" ind1=" " ind2=" ">
      <subfield code="a">Contains with a separated title page and continuous pagination (pages [449]-496) and signatures (ff-hh⁸): Mikrotechnē, seu parua ars Medicinalis ['Mikrotechnē' in Greek characters]; with 2 dedicatory poems by Ioachimus Specht and Albertus Fridericus Mellemanus.</subfield>
    </datafield>
    <datafield tag="510" ind1="4" ind2=" ">
      <subfield code="a">Verzeichnis der im deutschen Sprachbereich erschienenen Drucke des 16. Jahrhunderts (VD 16),</subfield>
      <subfield code="c">C 5706</subfield>
      <subfield code="u">https://gateway-bayern.de/VD16+C+5706</subfield>
    </datafield>
    <datafield tag="510" ind1="4" ind2=" ">
      <subfield code="3">Crato von Krafftheim, Johannes. Mikrotechnē seu parva ars medicinalis:</subfield>
      <subfield code="a">Verzeichnis der im deutschen Sprachbereich erschienenen Drucke des 16. Jahrhunderts (VD 16),</subfield>
      <subfield code="c">C 5712</subfield>
      <subfield code="u">https://gateway-bayern.de/VD16+C+5706</subfield>
    </datafield>
    <datafield tag="650" ind1=" " ind2="0">
      <subfield code="a">Medicine</subfield>
      <subfield code="v">Early works to 1800.</subfield>
    </datafield>
    <datafield tag="650" ind1=" " ind2="0">
      <subfield code="a">Plague</subfield>
      <subfield code="v">Early works to 1800.</subfield>
    </datafield>
    <datafield tag="650" ind1=" " ind2="0">
      <subfield code="a">Diseases</subfield>
      <subfield code="v">Early works to 1800.</subfield>
    </datafield>
    <datafield tag="650" ind1=" " ind2="6">
      <subfield code="a">Médecine</subfield>
      <subfield code="v">Ouvrages avant 1800.</subfield>
    </datafield>
    <datafield tag="650" ind1=" " ind2="6">
      <subfield code="a">Peste</subfield>
      <subfield code="v">Ouvrages avant 1800.</subfield>
    </datafield>
    <datafield tag="650" ind1=" " ind2="6">
      <subfield code="a">Maladies</subfield>
      <subfield code="v">Ouvrages avant 1800.</subfield>
    </datafield>
    <datafield tag="700" ind1="1" ind2=" ">
      <subfield code="a">Scholz, Lorenz,</subfield>
      <subfield code="d">1552-1599,</subfield>
      <subfield code="e">writer of preface,</subfield>
      <subfield code="e">dedicatee.</subfield>
      <subfield code="e">editor.</subfield>
      <subfield code="4">wpr</subfield>
      <subfield code="4">dte</subfield>
      <subfield code="4">edt</subfield>
    </datafield>
    <datafield tag="700" ind1="1" ind2=" ">
      <subfield code="a">Rumbaum, Christoph,</subfield>
      <subfield code="d">1555-1605,</subfield>
      <subfield code="e">contributor.</subfield>
      <subfield code="4">ctb</subfield>
    </datafield>
    <datafield tag="700" ind1="1" ind2=" ">
      <subfield code="a">Weinrich, Martin,</subfield>
      <subfield code="d">1548-1609,</subfield>
      <subfield code="e">contributor.</subfield>
      <subfield code="4">ctb</subfield>
    </datafield>
    <datafield tag="700" ind1="1" ind2=" ">
      <subfield code="a">Hofmann, Caspar,</subfield>
      <subfield code="d">1529-1584,</subfield>
      <subfield code="e">contributor.</subfield>
      <subfield code="4">ctb</subfield>
    </datafield>
    <datafield tag="700" ind1="1" ind2=" ">
      <subfield code="a">Erastus, Thomas,</subfield>
      <subfield code="d">1524-1583,</subfield>
      <subfield code="e">contributor.</subfield>
      <subfield code="4">ctb</subfield>
    </datafield>
    <datafield tag="700" ind1="1" ind2=" ">
      <subfield code="a">Zwinger, Theodor,</subfield>
      <subfield code="d">1533-1588,</subfield>
      <subfield code="e">contributor.</subfield>
      <subfield code="4">ctb</subfield>
    </datafield>
    <datafield tag="700" ind1="1" ind2=" ">
      <subfield code="a">Padovani, Elideo,</subfield>
      <subfield code="d">-1575,</subfield>
      <subfield code="e">contributor.</subfield>
      <subfield code="4">ctb</subfield>
    </datafield>
    <datafield tag="700" ind1="1" ind2=" ">
      <subfield code="a">Aranzi, Giulio Cesare,</subfield>
      <subfield code="d">1530-1589,</subfield>
      <subfield code="e">contributor.</subfield>
      <subfield code="4">ctb</subfield>
    </datafield>
    <datafield tag="700" ind1="1" ind2=" ">
      <subfield code="a">Naeve, Johann,</subfield>
      <subfield code="d">1499-1574,</subfield>
      <subfield code="e">contributor.</subfield>
      <subfield code="4">ctb</subfield>
    </datafield>
    <datafield tag="700" ind1="1" ind2=" ">
      <subfield code="a">Monau, Peter,</subfield>
      <subfield code="d">1551-1588,</subfield>
      <subfield code="e">contributor,</subfield>
      <subfield code="e">correspondent.</subfield>
      <subfield code="4">ctb</subfield>
      <subfield code="4">crp</subfield>
    </datafield>
    <datafield tag="700" ind1="1" ind2=" ">
      <subfield code="a">Cornarius, Diomedes,</subfield>
      <subfield code="d">1535?-1600?,</subfield>
      <subfield code="e">contributor.</subfield>
      <subfield code="4">ctb</subfield>
    </datafield>
    <datafield tag="700" ind1="1" ind2=" ">
      <subfield code="a">Aicholz, Johann Emmerich,</subfield>
      <subfield code="d">1520-1588,</subfield>
      <subfield code="e">contributor.</subfield>
      <subfield code="4">ctb</subfield>
    </datafield>
    <datafield tag="700" ind1="1" ind2=" ">
      <subfield code="a">Specht, Joachim,</subfield>
      <subfield code="c">active 16th century,</subfield>
      <subfield code="e">contributor.</subfield>
      <subfield code="4">ctb</subfield>
    </datafield>
    <datafield tag="700" ind1="1" ind2=" ">
      <subfield code="a">Mellemann, Albert Friedrich,</subfield>
      <subfield code="e">contributor.</subfield>
      <subfield code="4">ctb</subfield>
    </datafield>
    <datafield tag="700" ind1="1" ind2=" ">
      <subfield code="a">Neefe, Caspar,</subfield>
      <subfield code="d">1514-1579,</subfield>
      <subfield code="e">contributor.</subfield>
      <subfield code="4">ctb</subfield>
    </datafield>
    <datafield tag="700" ind1="1" ind2=" ">
      <subfield code="a">Curäus, Joachim,</subfield>
      <subfield code="d">1532-1573,</subfield>
      <subfield code="e">contributor.</subfield>
      <subfield code="4">ctb</subfield>
    </datafield>
    <datafield tag="700" ind1="1" ind2=" ">
      <subfield code="a">Dudith, András,</subfield>
      <subfield code="d">1533-1589,</subfield>
      <subfield code="e">correspondent.</subfield>
      <subfield code="4">crp</subfield>
    </datafield>
    <datafield tag="700" ind1="1" ind2=" ">
      <subfield code="a">Bucholtzer, Abraham,</subfield>
      <subfield code="d">1529-1584,</subfield>
      <subfield code="e">correspondent.</subfield>
      <subfield code="4">crp</subfield>
    </datafield>
    <datafield tag="700" ind1="1" ind2=" ">
      <subfield code="a">Aurifaber, Andreas,</subfield>
      <subfield code="d">1512?-1559,</subfield>
      <subfield code="e">correspondent.</subfield>
      <subfield code="4">crp</subfield>
    </datafield>
    <datafield tag="700" ind1="1" ind2=" ">
      <subfield code="a">Lindener, Kaspar,</subfield>
      <subfield code="d">1562-1611,</subfield>
      <subfield code="e">correspondent.</subfield>
      <subfield code="4">crp</subfield>
    </datafield>
    <datafield tag="700" ind1="1" ind2=" ">
      <subfield code="a">Oslevius, Carolus,</subfield>
      <subfield code="d">1526-1584,</subfield>
      <subfield code="e">correspondent.</subfield>
      <subfield code="4">crp</subfield>
    </datafield>
    <datafield tag="700" ind1="1" ind2=" ">
      <subfield code="a">Barth, Michael,</subfield>
      <subfield code="d">1530 or 1531-1584,</subfield>
      <subfield code="e">correspondent.</subfield>
      <subfield code="4">crp</subfield>
    </datafield>
    <datafield tag="700" ind1="1" ind2=" ">
      <subfield code="a">Alberti, Salomon,</subfield>
      <subfield code="d">1540-1600,</subfield>
      <subfield code="e">dedicatee.</subfield>
      <subfield code="4">dte</subfield>
    </datafield>
    <datafield tag="700" ind1="1" ind2=" ">
      <subfield code="a">Baudis, Joachim,</subfield>
      <subfield code="e">dedicatee.</subfield>
      <subfield code="4">dte</subfield>
    </datafield>
    <datafield tag="700" ind1="1" ind2="2">
      <subfield code="i">Container of (work):</subfield>
      <subfield code="a">Crato von Crafftheim, Johannes,</subfield>
      <subfield code="d">1519-1585.</subfield>
      <subfield code="t">Mikrotechnē.</subfield>
    </datafield>
    <datafield tag="700" ind1="0" ind2=" ">
      <subfield code="a">Rudolf</subfield>
      <subfield code="b">II,</subfield>
      <subfield code="c">Holy Roman Emperor,</subfield>
      <subfield code="d">1552-1612,</subfield>
      <subfield code="e">censor.</subfield>
      <subfield code="4">cns</subfield>
    </datafield>
    <datafield tag="700" ind1="1" ind2=" ">
      <subfield code="a">Marne, Claude de,</subfield>
      <subfield code="d">-1610,</subfield>
      <subfield code="e">printer.</subfield>
      <subfield code="4">prt</subfield>
    </datafield>
    <datafield tag="700" ind1="1" ind2=" ">
      <subfield code="a">Aubry, Jean,</subfield>
      <subfield code="d">-1600 or 1601,</subfield>
      <subfield code="e">printer.</subfield>
      <subfield code="4">prt</subfield>
    </datafield>
    <datafield tag="710" ind1="2" ind2=" ">
      <subfield code="a">Andreae Wecheli Heredes,</subfield>
      <subfield code="e">printer.</subfield>
      <subfield code="4">prt</subfield>
      <subfield code="1">https://id.oclc.org/worldcat/entity/E39QQPVp7MxhQwwfMQDRdJrGgg</subfield>
    </datafield>
    <datafield tag="752" ind1=" " ind2=" ">
      <subfield code="a">Germany</subfield>
      <subfield code="d">Frankfurt am Main,</subfield>
      <subfield code="e">publication place.</subfield>
      <subfield code="4">pup</subfield>
    </datafield>
    <datafield tag="880" ind1="0" ind2=" ">
      <subfield code="6">740-00/(S</subfield>
      <subfield code="a">Μικροτεχνη seu parua ars Medicinalis</subfield>
    </datafield>
  </record>